[Event "Pilsen Region-chT 2223"]
[Site "Czech Republic"]
[Date "2023.02.26"]
[Round "9.8"]
[White "Hava, Petr"]
[Black "Sedlak, Jakub"]
[Result "1/2-1/2"]
[WhiteElo "1816"]
[BlackElo "1766"]
[PlyCount "49"]
[EventDate "2022.10.09"]
[EventType "team-tourn"]
[EventRounds "11"]
[EventCountry "CZE"]
[SourceTitle "EXT 2024"]
[Source "ChessBase"]
[SourceDate "2023.10.10"]
[SourceVersion "1"]
[SourceVersionDate "2023.10.10"]
[SourceQuality "1"]
[WhiteTeam "Line III"]
[BlackTeam "Dvorec"]
[WhiteTeamCountry "CZE"]
[BlackTeamCountry "CZE"]

1. e4 c5 2. b4 e5 3. Nf3 Qc7 4. Bb2 Nc6 5. b5 Nd4 6. c3 Nxf3+ 7. Qxf3 Nf6 8. d4 cxd4 9. cxd4 Bb4+ 10. Nd2 Qc2 11. Bc1 Bxd2+ 12. Bxd2 Nxe4 13. Rd1 Nxd2 14. Rxd2 Qb1+ 15. Qd1 Qxd1+ 16. Kxd1 exd4 17. Rxd4 0-0 18. Bd3 d5 19. Re1 Be6 20. f4 g6 21. f5 gxf5 22. Re5 a6 23. bxa6 bxa6 24. Bxf5 Bxf5 25. Rxf5 1/2-1/2

[Event "Pilsen Region-chT 2223"]
[Site "Czech Republic"]
[Date "2022.10.09"]
[Round "1.8"]
[White "Sedlak, Jakub"]
[Black "Simek, Jiri1111"]
[Result "1-0"]
[WhiteElo "1766"]
[BlackElo "1766"]
[PlyCount "69"]
[EventDate "2022.10.09"]
[EventType "team-tourn"]
[EventRounds "11"]
[EventCountry "CZE"]
[SourceTitle "EXT 2024"]
[Source "ChessBase"]
[SourceDate "2023.10.10"]
[SourceVersion "1"]
[SourceVersionDate "2023.10.10"]
[SourceQuality "1"]
[WhiteTeam "Dvorec"]
[BlackTeam "HerNyr"]
[WhiteTeamCountry "CZE"]
[BlackTeamCountry "CZE"]

1. e4 c5 2. Nf3 e6 3. d4 cxd4 4. Nxd4 a6 5. Bc4 Qc7 6. Bb3 Nc6 7. 0-0 Bc5 8. Be3 d6 9. c3 Na5 10. Nd2 Nf6 11. Bc2 e5 12. Nf5 Bxf5 13. Bxc5 dxc5 14. exf5 0-0-0 15. Qe2 Nc6 16. Ne4 Nxe4 17. Bxe4 f6 18. b4 cxb4 19. cxb4 Nd4 20. Qb2 Kd7 21. Rac1 Qb8 22. a4 Ke7 23. b5 axb5 24. axb5 b6 25. Qa3+ Qd6 26. Rc7+ Rd7 27. Rxd7+ Kxd7 28. Bc6+ Nxc6 29. bxc6+ Qxc6 30. Qa7+ Qc7 31. Rd1+ Kc8 32. Qa8+ Qb8 33. Rc1+ Kd7 34. Qd5+ Qd6 35. Qb7+ 1-0

[Event "Klatovy op-B 23rd"]
[Site "Klatovy"]
[Date "2017.07.01"]
[Round "1"]
[White "Mejzr, Jan"]
[Black "Sedlak, Jakub"]
[Result "1-0"]
[WhiteElo "1901"]
[BlackElo "1495"]
[PlyCount "23"]
[EventDate "2017.07.01"]
[EventType "swiss"]
[EventRounds "9"]
[EventCountry "CZE"]
[SourceTitle "EXT 2018"]
[Source "ChessBase"]
[SourceDate "2017.10.13"]
[SourceVersion "1"]
[SourceVersionDate "2017.10.13"]
[SourceQuality "1"]

1. c4 Nf6 2. Nf3 c5 3. Nc3 e6 4. g3 b6 5. Bg2 Bb7 6. 0-0 Be7 7. d3 d5 8. Ne5 Qc7 9. Bf4 Qc8 10. Qa4+ Nbd7 11. Nb5 Nxe5 12. Nd6+ 1-0

[Event "Klatovy op-B 22nd"]
[Site "Klatovy"]
[Date "2016.07.10"]
[Round "9"]
[White "Sedlak, Jakub"]
[Black "Gorbunov, Alexander1111"]
[Result "1/2-1/2"]
[WhiteElo "1457"]
[BlackElo "1353"]
[PlyCount "35"]
[EventDate "2016.07.02"]
[EventType "swiss"]
[EventRounds "9"]
[EventCountry "CZE"]
[SourceTitle "EXT 2019"]
[Source "ChessBase"]
[SourceDate "2018.10.10"]
[SourceVersion "1"]
[SourceVersionDate "2018.10.10"]
[SourceQuality "1"]

1. e4 e5 2. Nf3 Nc6 3. d4 exd4 4. Nxd4 Qf6 5. Be3 Bc5 6. c3 Qg6 7. Qf3 Ne5 8. Qf5 Qxf5 9. Nxf5 Bxe3 10. Nxe3 Ne7 11. Be2 0-0 12. 0-0 d6 13. Nd2 Be6 14. f4 N5c6 15. f5 Bd7 16. f6 gxf6 17. Rxf6 Ng6 18. Raf1 1/2-1/2

[Event "Klatovy op-B 22nd"]
[Site "Klatovy"]
[Date "2016.07.04"]
[Round "3"]
[White "Parpel, Petr"]
[Black "Sedlak, Jakub"]
[Result "1/2-1/2"]
[WhiteElo "1787"]
[BlackElo "1457"]
[PlyCount "38"]
[EventDate "2016.07.02"]
[EventType "swiss"]
[EventRounds "9"]
[EventCountry "CZE"]
[SourceTitle "EXT 2019"]
[Source "ChessBase"]
[SourceDate "2018.10.10"]
[SourceVersion "1"]
[SourceVersionDate "2018.10.10"]
[SourceQuality "1"]

1. d4 d5 2. c4 c6 3. Nc3 e6 4. e3 Nf6 5. Nf3 Nbd7 6. Qc2 Bd6 7. Bd3 e5 8. cxd5 cxd5 9. dxe5 Nxe5 10. Nxe5 Bxe5 11. h3 0-0 12. 0-0 Be6 13. f4 Bc7 14. Bd2 Bb6 15. Rf3 Rc8 16. Qa4 d4 17. exd4 Qxd4+ 18. Be3 Qxa4 19. Nxa4 Bxe3+ 1/2-1/2